SV Darmstadt Bundesliga History - Statistiken

Allgemein
  • Dieses Quiz wurde 12 mal gespielt
  • Das Durchschnittsergebnis liegt bei 17 aus 96
Antwortstatistiken
Lilien % Korrekt
Sandro Wagner
89%
Willi Wagner
89%
Fabian Holland
78%
Marcel Schuhen
78%
Tobias Kempe
78%
Aytac Sulu
67%
Marcel Heller
67%
Andreas Müller
56%
Jannik Müller
56%
Luca Pfeiffer
56%
Christian Mathenia
44%
Dominik Stroh-Engel
44%
Fraser Hornby
44%
Matej Maglica
44%
Alexander Brunst
33%
Christoph Zimmermann
33%
Clemens Riedel
33%
Daniel Heuer Fernandes
33%
Jérôme Gondorf
33%
Marco Sailer
33%
Matthias Bader
33%
Oscar Vilhelmsson
33%
Antonio Colak
22%
Benjamin Gorka
22%
Braydon Manu
22%
Edwin Westenberger
22%
Fabian Nürnberger
22%
Fabian Schnellhardt
22%
Julian Justvan
22%
Klaus Gjasula
22%
Konstantin Rausch
22%
Marvin Mehlem
22%
Michael Esser
22%
Peter Cestonaro
22%
Sandro Sirigu
22%
Tim Skarke
22%
Änis Ben-Hatira
11%
Christoph Klarer
11%
Dieter Rudolf
11%
Emir Karic
11%
Fabio Torsiello
11%
Frank Berlepp
11%
Immanuel Höhn
11%
Jan Rosenthal
11%
Joachim Weber
11%
Leon Guwara
11%
Luca Caldirola
11%
Lukasz Zaluska
11%
Marko Vrancic
11%
Milan Ivana
11%
Sebastian Polter
11%
Willibald Weiss
11%
Willi Bernecker
11%
Aaron Seydel
0%
Alexander Milosevic
0%
Artem Fedetskyi
0%
Asaf Arania
0%
Bartol Franjic
0%
Bernhard Metz
0%
Bum-kun Cha
0%
Denys Oliynyk
0%
Detlef Bruckhoff
0%
Dietmar Schabacker
0%
Felix Platte
0%
Filip Stojilkovic
0%
Florian Jungwirth
0%
Frank Ronstadt
0%
Gerhard Kleppinger
0%
Gerrit Holtmann
0%
Glenn Jordens
0%
György Garics
0%
Hans Lindemann
0%
Heinz-Rudolf Weiler
0%
Júnior Díaz
0%
Jürgen Kalb
0%
Kurt Eigl
0%
László Kleinheisler
0%
Manfred Drexler
0%
Markus Steinhöfer
0%
Martin Bremer
0%
Mathias Honsak
0%
Otto Frey
0%
Patrick Banggaard
0%
Peter Niemeyer
0%
Roman Bezjak
0%
Rudolf Collet
0%
Sidney Sam
0%
Slobodan Rajković
0%
Sven Schipplock
0%
Terrence Boyd
0%
Thomas Isherwood
0%
Uwe Beginski
0%
Uwe Hahn
0%
Victor Obinna
0%
Walter Bechtold
0%
Wilson Kamavuaka
0%
Keine übereinstimmenden Quizze gefunden
Verteilung der Resultate
Anzahl Personen mit jedem Resultat
Perzentil nach korrekt beantworteten Fragen
Ihre Resultats-Entwicklung
Sie haben dieses Quiz noch nicht gespielt